| 000 | 00610nam a22002177a 4500 | ||
|---|---|---|---|
| 003 | OSt | ||
| 005 | 20140310182917.0 | ||
| 008 | 130129t xxu||||| |||| 00| 0 eng d | ||
| 020 | _a9710857525 | ||
| 050 |
_aPL6061 _b.L869 1994 |
||
| 082 |
_aFIL808.0427 _2 .L88 1994 |
||
| 245 |
_aSining ng pakikipagtalastasang panlipunan _cLorenzo, Carmelita S. ...[et al.] |
||
| 260 |
_aMandaluyong City : _bNational Book Store _c1994 |
||
| 300 |
_axiii, 389 p. _c22 cm. |
||
| 521 | _acollege students | ||
| 526 | _c1210L-1700L | ||
| 541 | _g1 | ||
| 541 | _g2 | ||
| 562 | _e2 | ||
| 942 |
_2lcc _cBK _kFIL |
||
| 999 |
_c17303 _d17303 |
||